Statistics for Pulp Fiction Characters

Click here to take the quiz!

General Stats

  • This quiz has been taken 411 times
  • The average score is 7 of 9

Answer Stats

DescriptionCharacter% Correct
Heroin-addicted hit man employed by #8. He has a cool demeanor and follows the rules of the streets, the most important of which is loyalty.Vincent Vega
92%
Beautiful and smart wife of #8 who #1 is ordered to take out on a "date" while #8 is out handling business, is also addicted to cocaine.Mia Wallace
86%
Boxer with a fading career, who agrees to throw a fight for a big payout by #8, but instead KO's the opponent, takes the money and skips town.Butch Coolidge
84%
Remorseless killer and hit man employed by #8 that is partnered with ^. Often quotes the bible, and by the end of the film is a changed man, deciding not to kill anymore.Jules Winnfield
84%
Drug dealer connected to every character in the movie. Has cruel punishments that he only uses when necessary.Marsellus Wallace
78%
#8's calm and collected professional fixer. Emanates confidence and control, never gets angry.Winston Wolfe A.K.A The Wolf
74%
Small-time robber and wife of ^. Decides to rob the diner they're eating in, which happens to be the same one #2 is in, however, is spared because of #2's vow to never kill again.Yolanda A.K.A Honey Bunny
68%
Small-time robber and husband of #7. Decides to rob the diner they're eating in, which happens to be the same one #2 is in, however, is spared because of #2's vow to never kill again.Ringo A.K.A Pumpkin
63%
Naive, innocent, and sweet girlfriend of #4. The complete opposite of her boyfriend.Fabienne
34%

Score Distribution

Percentile by Number Answered

Percent of People with Each Score

Your Score History

You have not taken this quiz